000 01021nam0a22002891 4500
001 rc\3210730
005 20250609191332.0
021 _aRU
_b[76-66601]
035 _a(NLR Aleph) 007463432
090 _a7341288
_c7341288
100 _a20130115d1976 |||y0rusy50 ca
101 0 _arus
102 _aRU
105 _aa z |||a|
200 1 _aПоднадзорный Черницын
_eДокум. повесть
_fВладимир Мухин
_g[Худож. А.И. Филипчук]
205 _a3-е изд., доп.
210 _aДонецк
_cДонбас
_d1976
215 _a231 с.
_cил.
_d20
606 _aГорноспасательное дело в России
_z19-20 вв.
_2psbo
700 1 _aМухин
_bВ.Е.
_f1916-
_gВладимир Евграфович
702 1 _aФилипчук
_bА.И.
_4440
702 1 _aЧерницын
_bН.Н.
_gНиколай Николаевич
_4570
801 0 _aRU
_bNLR
_gpsbo
801 1 _aRU
_bELAR
_2rusmarc
852 _aNLR
_j77-3/1061
942 _cBOOK
980 _aNB